000 00490nam a2200181Ia 4500
005 20250508152442.0
008 008 250505s9999 xx 000 0 eng d
037 _aTextual
040 _aFEDL
_beng
_cFEDL
041 _aeng
_2eng
084 _a688.72, MOO
_qFEDL
100 _aMoody Edith
_9761519
245 0 _aDressed soft toys: Animal families
260 _aLeicester
_bDryad Press
_c1957
300 _a31p
942 _cTEXL
_h688.72, MOO
999 _c1336503
_d1336503